| 000 | 01190nam a2200361Ia 4500 | ||
|---|---|---|---|
| 001 | Para_471 | ||
| 003 | CHAP | ||
| 008 | 220125s2000 xx 000 0 und d | ||
| 010 | _a199226 | ||
| 040 | _cCHAP | ||
| 082 | _aPA 630.72 P7 | ||
| 111 |
_aPresentación de trabajos de investigación, producción y servicio. Recorrido de campo (16:2000:Chapingo, Méx.) _9164525 |
||
| 245 |
_aMemorias / _c por Subdirección General de Investigación y Servicio |
||
| 260 |
_aChapingo, Méx-. : _b UACh |
||
| 300 | _a139 p. | ||
| 650 |
_aAcolchado de suelos _9623 |
||
| 650 |
_aAmaranthus _95103 |
||
| 650 |
_aCalabaza _917261 |
||
| 650 |
_aFrijol _x enfermedades _943367 |
||
| 650 |
_aFrijol _x investigación _943397 |
||
| 650 |
_aMaíz _x enfermedades por hongos _970941 |
||
| 650 |
_aMaíz _x mejoramiento _971006 |
||
| 650 |
_aMaíz _x plagas _971034 |
||
| 650 |
_aTrigo _x investigación _9115046 |
||
| 710 |
_aUACh. Subdirección General de Investigación y Servicio _9115971 |
||
| 901 | _aPA 630.72 P7 | ||
| 902 | _aA | ||
| 905 | _a0000002000 0000000000 00 | ||
| 910 | _a2000 | ||
| 942 | _cPARA | ||
| 942 |
_cPARA _d1 |
||
| 999 |
_c199226 _d199226 |
||